000
00301nam a22001337a 4500
008
170616b xxu||||| |||| 00| 0 eng d
020
_a
2900205585952
041
_a
eng
080
_2
8TH
_a
327
100
_a
20
101
_a
SHP
245
_a
INTERNATIONAL RELATIONS
_c
GOLDSTEIN,J.S
942
_2
udc
_c
BK
999
_c
17821
_d
17821